00749nam0a22002051 4500001001100000005001700011035002600028100004100054101000800095102000700103105001800110200017200128210002600300215002200326300008900348320004600437801001800483801002200501852002000523rc\105068820250622092544.0 a(NLR Aleph) 006212178 a20041129d1981 |||y0rusy50 ca0 arus aRU aa |||||||||1 aФормы микробных инсектицидов и методы их примененияe[Тр. симпоз.]fПер. с англ. И.Н. Заикиной aМ.cКолосd1981 a80 с.cил.d20 aПеревод изд.: Formulation and application of mucrobial insecticides (1978) aБиблиогр. в конце докл. 0aRUbNLRgpsbo 1aRUbELAR2rusmarc aNLRj81-4/27154